Sports Quiz

Random Sports or Auto Racing Quiz

Marcus Ericsson teammates Quiz Stats

 Plays Quiz not verified by Sporcle

Score 0/6 Timer 01:00
0 Plays Today
Year Driver % Correct
2015-2016Felipe Nasr
88.4%
2017 (Round 3-20)Pascal Wehrlein
84.8%
2018Charles Leclerc
77.4%
2017 (Round 1-2)Antonio Giovinazzi
76.4%
2014 (Round 1-11; 13-16)Kamui Kobayashi
72%
2014 (Round 12)André Lotterer
58.4%

You're not logged in!

Compare scores with friends on all Sporcle quizzes.
OR
Log In

Sporcle TV

Today on Sporcle TV


Watch our educational content, quiz creation guides, and fun videos on Sporcle TV.

Show Comments

Extras

Top Quizzes Today


Score Distribution

Your Account Isn't Verified!

In order to create a playlist on Sporcle, you need to verify the email address you used during registration. Go to your Sporcle Settings to finish the process.

Report this User

Report this user for behavior that violates our Community Guidelines.

Details: